000 00497nam a2200181 4500
003 SEACOMMC
005 20250425130609.0
008 241125b |||||||| |||| 00| 0 eng d
020 _a978-0-07-462250-6
_c385.00
040 _aSEACOMMC
082 _a 616.895
_bM 847
100 _a Morgan,Clifford T.
245 1 _aIntroduction to Psychology
_c Clifford T. Morgan[and] Richard A. King
250 _a7th ed.
260 _aNew Delhi
_b Mc Graw Hill
_c 2006
650 _a Psychology
942 _cBOOK
999 _c790
_d790